Testing Democracy's promise: indigenous mobilization and the chilean state /

Spremljeno u:
Bibliografski detalji
Glavni autor: Rodríguez, Patricia
Daljnji autori: Carruthers, David
Format: Tekst
Oznake: Dodaj oznaku
Bez oznaka, Budi prvi tko označuje ovaj zapis!

MARC

LEADER 00000 a a2200000 04500
001 16299
003
040
100 |a Rodríguez, Patricia  
245 |a Testing Democracy's promise:   |b indigenous mobilization and the chilean state /  |c Patricia Rodríguez 
700 |a Carruthers, David  
773 |g número 85; páginas 3-21  
999 |c 24629  |d 24629